Le signe sur les mains /

I tiakina i:
Ngā taipitopito rārangi puna kōrero
Kaituhi matua: Baumann, Emile (autor)
Hōputu: Pukapuka
Reo:Wīwī
I whakaputaina: París, Francia : Bernard Grasset, 1926, c1926
Ngā marau:
Ngā Tūtohu: Tāpirihia he Tūtohu
Kāore He Tūtohu, Me noho koe te mea tuatahi ki te tūtohu i tēnei pūkete!

MARC

LEADER 00000nam^a2200000^a^4500
001 000184565
005 20250521000000.0
009 20260310102119.623
037 |a Acervo ITESO - Biblioteca 
041 |a FRA 
082 |a 843.  |b BAU 
100 |a Baumann, Emile  |e (autor) 
245 1 3 |a Le signe sur les mains /  |c E. Baumann. 
264 4 |a París, Francia :  |b Bernard Grasset,  |c 1926, c1926 
300 |a 240 p. 
336 |a texto  |b txt  |2 rdacontenido 
337 |a sin mediación  |b n  |2 rdamedio 
338 |a volumen  |b nc  |2 rdasoporte 
649 |a XX 
650 |a Novela Francesa 
650 |a Literatura Francesa -  |y Siglo XX 
910 |a Fondo General 
920 |a Impresos - Libros 
930 |a Colección General 
940 |a Literatura 
905 |a 101 
901 |a 0500125485  |b IT1  |c LIT  |u 20250521 
902 |a https://opac.biblio.iteso.mx/vufind/Record/000184565